Nový školský rok na stredných školách

Bibliographic Details
Main Authors: (kay) (Author), (kum) (Author), (lh) (Author)
Format: Article
Language:Slovak
Subjects:

MARC

LEADER 00000nab a2200000 a 4500
001 vtls001003047
003 SK-MaSNL
005 20260303213031.0
008 040720e19970909xo 0 slo
035 |a RV3647 
040 |a RVGKPD  |b slo  |c RVGKPD  |e AACR2 
041 0 |a slo 
044 |a xo  |c SK 
080 |a 373.5/.6  |2 1981 
100 0 |a (kay)  |4 aut  |9 850979 
245 1 0 |a Nový školský rok na stredných školách 
300 |b 1 foto 
650 0 7 |a stredné školy  |2 RVGKPD  |9 1279 
651 7 |a Rožňava (Slovensko)  |2 RVGKPD  |9 17394 
651 7 |a Revúca (Slovensko)  |2 RVGKPD  |9 31503 
700 0 |a (kum)  |4 aut  |9 1023905 
700 0 |a (lh)  |4 aut  |9 930011 
773 0 8 |t Zora Gemera  |g Roč. 5, č.36, 9.9.1997, s. 1 
852 |a ZVYKNI  |b KIS3GCP 
999 |c 2210321  |d 2212251